LEADER 02861nam 22006254a 450 001 9910454659203321 005 20200520144314.0 010 $a1-282-07525-X 010 $a9786612075254 010 $a1-935281-09-7 035 $a(CKB)1000000000747725 035 $a(EBL)434119 035 $a(OCoLC)327854578 035 $a(SSID)ssj0000196150 035 $a(PQKBManifestationID)11196555 035 $a(PQKBTitleCode)TC0000196150 035 $a(PQKBWorkID)10141941 035 $a(PQKB)11221733 035 $a(MiAaPQ)EBC434119 035 $a(Au-PeEL)EBL434119 035 $a(CaPaEBR)ebr10288123 035 $a(CaONFJC)MIL207525 035 $a(EXLCZ)991000000000747725 100 $a20070306d2008 uy 0 101 0 $aeng 135 $aurcn||||||||| 181 $ctxt 182 $cc 183 $acr 200 10$aMaking the connection between brain and behavior$b[electronic resource] $ecoping with Parkinson's disease /$fJoseph H. Friedman 210 $aNew York, NY $cDemos Health$dc2008 215 $a1 online resource (218 p.) 300 $aIncludes index. 311 $a1-932603-42-5 320 $aIncludes bibliographical references and index. 327 $aOverview -- Personality -- Fatigue -- Apathy -- Depression -- Anxiety -- Dementia -- Hallucinations -- Delusions -- Confusion and delirium -- Compulsive behavior -- Sleep -- Surgery for Parkinson's disease -- Driving -- Caregivers and family -- Why you should not go to the emergency department (and why you should!). 330 $aParkinson's disease (PD) is a chronic and progressive disease that affects as many as one million people in the United States alone. Although many patients and families are aware of the physical challenges that accompany Parkinson's disease, few are prepared to deal with the common behavioral issues that impact their quality of life.Behavior problems in PD are not always catastrophic, but they are common. It is estimated that 65-90% of PD patients experience some level of depression, anxiety, dementia, hallucinations, paranoid delusions, sleep disorders, and other behavioral disorders that aff 606 $aParkinson's disease$xComplications 606 $aParkinson's disease$xPsychological aspects 606 $aParkinson's disease$xPatients$xFamily relationships 606 $aCaregivers 608 $aElectronic books. 615 0$aParkinson's disease$xComplications. 615 0$aParkinson's disease$xPsychological aspects. 615 0$aParkinson's disease$xPatients$xFamily relationships. 615 0$aCaregivers. 676 $a616.8/33 700 $aFriedman$b Joseph H$0881056 801 0$bMiAaPQ 801 1$bMiAaPQ 801 2$bMiAaPQ 906 $aBOOK 912 $a9910454659203321 996 $aMaking the connection between brain and behavior$91967813 997 $aUNINA LEADER 01952nam 2200541 450 001 9910796661003321 005 20190402120440.0 035 $a(CKB)4100000000728085 035 $a(MiAaPQ)EBC5108581 035 $a(DLC) 2017043995 035 $a(EXLCZ)994100000000728085 100 $a20180131h20172017 uy 0 101 0 $aeng 135 $aurcnu|||||||| 181 $2rdacontent 182 $2rdamedia 183 $2rdacarrier 200 00$aComplexity theory and language development $ein celebration of Diane Larsen-Freeman /$fedited by Lourdes Ortega, ZhaoHong Han 210 1$aAmsterdam, [Netherlands] ;$aPhiladelphia, [Pennsylvania] :$cJohn Benjamins Publishing Company,$d2017. 210 4$dİ2017 215 $a1 online resource (252 pages) $cillustrations (some color), tables 225 1 $aLanguage Learning and Language Teaching,$x1569-9471 ;$vVolume 48 311 $a90-272-1338-0 311 $a90-272-6496-1 320 $aIncludes bibliographical references at the end of each chapters and index. 410 0$aLanguage learning and language teaching ;$vVolume 48. 606 $aComplexity (Linguistics) 606 $aLanguage acquisition$xStudy and teaching 606 $aLanguage and languages$xStudy and teaching 606 $aDiscourse analysis 606 $aLinguistic analysis (Linguistics) 606 $aEducation$xPhilosophy 615 0$aComplexity (Linguistics) 615 0$aLanguage acquisition$xStudy and teaching. 615 0$aLanguage and languages$xStudy and teaching. 615 0$aDiscourse analysis. 615 0$aLinguistic analysis (Linguistics) 615 0$aEducation$xPhilosophy. 676 $a410 702 $aOrtega$b Lourdes 702 $aHan$b Zhaohong$f1962- 801 0$bMiAaPQ 801 1$bMiAaPQ 801 2$bMiAaPQ 906 $aBOOK 912 $a9910796661003321 996 $aComplexity theory and language development$93725235 997 $aUNINA